000 01575nam a2200253Ia 4500
999 _c38482
_d38482
001 4495
003 GE_BSU
005 20191016164816.0
008 181216s2012||||ge |||||||||||||| ||geo||
040 _cGE_BSU
041 _ageo
080 _a636 ხ–33
100 _aხაჭაპურიძე, ელიოზ
_94766
245 _aსასოფლო სამეურნეო ცხოველთა აღწარმოებისა და პროდუქტიულობის გაზრდის ზოოტექნიკური საფუძვლები /
_cრედ. თინა გელაშვილი.
264 _a ახალციხე :
_bგამ–ბა ახალციხის უნ–ტი,
_c2012.
300 _a256 გვ. :
_bცხრ., ილ. ;
_c19 სმ.
653 _aსასოფლო-სამეურნეო ცხოველების მოშენება
700 _aკობალაძე, კობა
_eავტორი
_94767
700 _aგელაშვილი, თინა
_eრედაქტორი
_94768
710 _a შვეიცარიის განვითარებისა და თანამშრომლობის სააგენტო მერსი ქორფსი
_94769
710 _aახალციხის სახელმწ. სასწავლო უნ-ტი
_94770
710 _aს/მ განვითარების საერთაშ. ასოციაცია;
_94771
942 _cBK
_2udc